{"text_format":"3","workbook":"xlsx","n_sheets":4,"sheets":["PLANILHA ORCAMENTARIA","CRONOGRAMA","ENCARGOS SOCIAIS","BDI"],"not_rendered":{"images":5,"defined_names":12},"read":"whole","date_system":"1900"}

{"sheet":"PLANILHA ORCAMENTARIA","index":0,"n_rows":62,"n_cols":8,"rows_kept":62,"merged":[[0,0,0,7],[1,1,1,6],[3,0,3,7],[4,1,4,6],[8,1,8,6],[11,1,11,6],[13,1,13,6],[16,0,16,7],[17,1,17,6],[21,1,21,6],[23,1,23,6],[26,1,26,6],[29,1,29,6],[31,0,31,7],[32,1,32,6],[37,1,37,6],[39,1,39,6],[43,1,43,6],[47,1,47,6],[56,1,56,6],[59,5,59,6],[60,5,60,6],[61,5,61,6]]}
[]
[null,"\n"]
["ITEM","CÓDIGO","DESCRIÇÃO","FONTE","UND","QUANTIDADE","PREÇO\nUNITÁRIO R$","PREÇO\nTOTAL R$"]
["INTERVANÇÕES DO ESTACIONAMENTO"]
["1","SERVIÇOS PRELIMINARES",{"$nulls":5},{"v":28076.68,"d":"28,076.68"}]
["1.1","S00051","Placa de obra em chapa aço galvanizado, instalada - Rev 02_01/2022","ORSE","m2",{"v":6,"d":"6.00"},446.56,{"v":2679.36,"d":"2,679.36"}]
["1.2","92397","EXECUÇÃO DE PAVIMENTO EM PISO INTERTRAVADO, COM BLOCO RETANGULAR COR NATURAL DE 20 X 10 CM, ESPESSURA 6 CM. AF_10/2022","SINAPI","M2",349.25,63.44,{"v":22156.42,"d":"22,156.42"}]
["1.3","94275","ASSENTAMENTO DE GUIA (MEIO-FIO) EM TRECHO RETO, CONFECCIONADA EM CONCRETO PRÉ-FABRICADO, DIMENSÕES 100X15X13X20 CM (COMPRIMENTO X BASE INFERIOR X BASE SUPERIOR X ALTURA), PARA URBANIZAÇÃO INTERNA DE EMPREENDIMENTOS. AF_06/2016","SINAPI","M",{"v":65,"d":"65.00"},49.86,{"v":3240.9,"d":"3,240.90"}]
["2","RECUPERAÇÃO DA COBERTA DO ESTACIONAMENTO",{"$nulls":5},{"v":3725.47,"d":"3,725.47"}]
["2.1","97647","REMOÇÃO DE TELHAS, DE FIBROCIMENTO, METÁLICA E CERÂMICA, DE FORMA MANUAL, SEM REAPROVEITAMENTO. AF_12/2017","SINAPI","M2",{"v":49,"d":"49.00"},3.26,159.74]
["2.2","94210","TELHAMENTO COM TELHA ONDULADA DE FIBROCIMENTO E = 6 MM, COM RECOBRIMENTO LATERAL DE 1 1/4 DE ONDA PARA TELHADO COM INCLINAÇÃO MÁXIMA DE 10°, COM ATÉ 2 ÁGUAS, INCLUSO IÇAMENTO. AF_07/2019","SINAPI","M2",{"v":49,"d":"49.00"},72.77,{"v":3565.73,"d":"3,565.73"}]
["3","SOMBREADORES METÁLICOS",{"$nulls":5},{"v":34544.49,"d":"34,544.49"}]
["3.1","SOMB_ESTAC.","SOBREADOR PARA VAGAS DE ESTACIONAMENTO, ESTRUTURA METÁLICA E COBERTURA (EM TELA DE POLIETILENO DE ALTA DENSIDADE) DE 7,5X5,0M PARA TRÊS CARROS CADA - FORNECIMENTO E INSTALAÇÃO.","Composições Próprias","UND",{"v":3,"d":"3.00"},{"v":11514.83,"d":"11,514.83"},{"v":34544.49,"d":"34,544.49"}]
["4","SERVIÇOS COMPLEMENTARES",{"$nulls":5},{"v":8260.8,"d":"8,260.80"}]
["4.1","180050","PINTURA FAIXA DEMARCACAO ESTACIONAMENTO","SBC","M2",{"v":200,"d":"200.00"},35.48,{"v":7096,"d":"7,096.00"}]
["4.2","S02450","Limpeza geral","ORSE","m2",444.58,2.62,{"v":1164.8,"d":"1,164.80"}]
["INTERVENÇÕES NO PLENARIO"]
["5","SERVIÇOS PRELIMINARES",{"$nulls":5},261.78]
["5.1","97633","DEMOLIÇÃO DE REVESTIMENTO CERÂMICO, DE FORMA MANUAL, SEM REAPROVEITAMENTO. AF_12/2017","SINAPI","M2",7.65,21.61,165.32]
["5.2","97622","DEMOLIÇÃO DE ALVENARIA DE BLOCO FURADO, DE FORMA MANUAL, SEM REAPROVEITAMENTO. AF_12/2017","SINAPI","M3",0.34,54.11,{"v":18.4,"d":"18.40"}]
["5.3","96995","REATERRO MANUAL APILOADO COM SOQUETE. AF_10/2017","SINAPI","M3",1.57,49.72,78.06]
["6","ALVENARIA",{"$nulls":5},543.47]
["6.1","COMP-55591990","ALVENARIA DE TIJOLO CERÂMICO FURADO 1 VEZ, ESPESSUREA 19CM. ASSENTADO COM ARGAMASSA TRAÇO 1:3 (CIMENTO, CAL E AREIA)","Composições Próprias","M2",4.36,124.65,543.47]
["7","REVESTIMENTO",{"$nulls":5},589.77]
["7.1","87878","CHAPISCO APLICADO EM ALVENARIAS E ESTRUTURAS DE CONCRETO INTERNAS, COM COLHER DE PEDREIRO. ARGAMASSA TRAÇO 1:3 COM PREPARO MANUAL. AF_10/2022","SINAPI","M2",13.77,4.93,67.89]
["7.2","87529","MASSA ÚNICA, PARA RECEBIMENTO DE PINTURA, EM ARGAMASSA TRAÇO 1:2:8, PREPARO MECÂNICO COM BETONEIRA 400L, APLICADA MANUALMENTE EM FACES INTERNAS DE PAREDES, ESPESSURA DE 20MM, COM EXECUÇÃO DE TALISCAS. AF_06/2014","SINAPI","M2",13.77,{"v":37.9,"d":"37.90"},521.88]
["8","PISO",{"$nulls":5},{"v":1199.84,"d":"1,199.84"}]
["8.1","94438","(COMPOSIÇÃO REPRESENTATIVA) DO SERVIÇO DE CONTRAPISO EM ARGAMASSA TRAÇO 1:4 (CIM E AREIA), EM BETONEIRA 400 L, ESPESSURA 3 CM ÁREAS SECAS E 3 CM ÁREAS MOLHADAS, PARA EDIFICAÇÃO HABITACIONAL UNIFAMILIAR (CASA) E EDIFICAÇÃO PÚBLICA PADRÃO. AF_11/2014","SINAPI","M2",7.65,46.86,358.48]
["8.2","87251","REVESTIMENTO CERÂMICO PARA PISO COM PLACAS TIPO ESMALTADA EXTRA DE DIMENSÕES 45X45 CM APLICADA EM AMBIENTES DE ÁREA MAIOR QUE 10 M2. AF_06/2014","SINAPI","M2",{"v":13,"d":"13.00"},64.72,841.36]
["9","SEGURANÇA E ACESSIBILIDADE",{"$nulls":5},{"v":4855.62,"d":"4,855.62"}]
["9.1","112599","GUARDA-CORPO ALUMINIO COM PINTURA ELETROSTATICA BRANCA","SBC","M",6.95,698.65,{"v":4855.62,"d":"4,855.62"}]
["BANHEIRO PNE"]
["10","RETIRADA E DEMOLIÇÕES",{"$nulls":5},579.53]
["10.1","97633","DEMOLIÇÃO DE REVESTIMENTO CERÂMICO, DE FORMA MANUAL, SEM REAPROVEITAMENTO. AF_12/2017","SINAPI","M2",23.22,21.61,501.78]
["10.2","97622","DEMOLIÇÃO DE ALVENARIA DE BLOCO FURADO, DE FORMA MANUAL, SEM REAPROVEITAMENTO. AF_12/2017","SINAPI","M3",0.64,54.11,34.63]
["10.3","97644","REMOÇÃO DE PORTAS, DE FORMA MANUAL, SEM REAPROVEITAMENTO. AF_12/2017","SINAPI","M2",3.36,8.81,{"v":29.6,"d":"29.60"}]
["10.4","S02095","Remoção de vaso sanitário","ORSE","un",{"v":1,"d":"1.00"},13.52,13.52]
["11","ALVENARIA",{"$nulls":5},579.52]
["11.1","103329","ALVENARIA DE VEDAÇÃO DE BLOCOS CERÂMICOS FURADOS NA HORIZONTAL DE 9X19X19 CM (ESPESSURA 9 CM) E ARGAMASSA DE ASSENTAMENTO COM PREPARO MANUAL. AF_12/2021","SINAPI","M2",6.36,91.12,579.52]
["12","REVESTIMENTO",{"$nulls":5},{"v":6647.89,"d":"6,647.89"}]
["12.1","87878","CHAPISCO APLICADO EM ALVENARIAS E ESTRUTURAS DE CONCRETO INTERNAS, COM COLHER DE PEDREIRO. ARGAMASSA TRAÇO 1:3 COM PREPARO MANUAL. AF_10/2022","SINAPI","M2",17.79,4.93,{"v":87.7,"d":"87.70"}]
["12.2","87529","MASSA ÚNICA, PARA RECEBIMENTO DE PINTURA, EM ARGAMASSA TRAÇO 1:2:8, PREPARO MECÂNICO COM BETONEIRA 400L, APLICADA MANUALMENTE EM FACES INTERNAS DE PAREDES, ESPESSURA DE 20MM, COM EXECUÇÃO DE TALISCAS. AF_06/2014","SINAPI","M2",17.79,{"v":37.9,"d":"37.90"},674.24]
["12.3","89170","(COMPOSIÇÃO REPRESENTATIVA) DO SERVIÇO DE REVESTIMENTO CERÂMICO PARA PAREDES INTERNAS, MEIA OU PAREDE INTEIRA, PLACAS TIPO ESMALTADA EXTRA DE 20X20 CM, PARA EDIFICAÇÕES HABITACIONAIS UNIFAMILIAR (CASAS) E EDIFICAÇÕES PÚBLICAS PADRÃO. AF_11/2014","SINAPI","M2",71.85,81.92,{"v":5885.95,"d":"5,885.95"}]
["13","ESQUADRIAS",{"$nulls":5},{"v":4346.79,"d":"4,346.79"}]
["13.1","91317","KIT DE PORTA DE MADEIRA PARA PINTURA, SEMI-OCA (PESADA OU SUPERPESADA), PADRÃO POPULAR, 90X210CM, ESPESSURA DE 3,5CM, ITENS INCLUSOS: DOBRADIÇAS, MONTAGEM E INSTALAÇÃO DO BATENTE, FECHADURA COM EXECUÇÃO DO FURO - FORNECIMENTO E INSTALAÇÃO. AF_12/2019","SINAPI","UN",{"v":1,"d":"1.00"},{"v":1426.93,"d":"1,426.93"},{"v":1426.93,"d":"1,426.93"}]
["13.2","100682","KIT DE PORTA DE MADEIRA FRISADA, SEMI-OCA (LEVE OU MÉDIA), PADRÃO POPULAR, 70X210CM, ESPESSURA DE 3CM, ITENS INCLUSOS: DOBRADIÇAS, MONTAGEM E INSTALAÇÃO DE BATENTE, FECHADURA COM EXECUÇÃO DO FURO - FORNECIMENTO E INSTALAÇÃO. AF_12/2019","SINAPI","UN",{"v":2,"d":"2.00"},{"v":1017.38,"d":"1,017.38"},{"v":2034.76,"d":"2,034.76"}]
["13.3","94569","JANELA DE ALUMÍNIO TIPO MAXIM-AR, COM VIDROS, BATENTE E FERRAGENS. EXCLUSIVE ALIZAR, ACABAMENTO E CONTRAMARCO. FORNECIMENTO E INSTALAÇÃO. AF_12/2019","SINAPI","M2",{"v":0.5,"d":"0.50"},{"v":1770.2,"d":"1,770.20"},{"v":885.1,"d":"885.10"}]
["14","INSTALAÇÕES HIDROSSANITÁRIAS",{"$nulls":5},{"v":4851.58,"d":"4,851.58"}]
["14.1","89957","PONTO DE CONSUMO TERMINAL DE ÁGUA FRIA (SUBRAMAL) COM TUBULAÇÃO DE PVC, DN 25 MM, INSTALADO EM RAMAL DE ÁGUA, INCLUSOS RASGO E CHUMBAMENTO EM ALVENARIA. AF_12/2014","SINAPI","UN",{"v":2,"d":"2.00"},146.63,293.26]
["14.2","86943","LAVATÓRIO LOUÇA BRANCA SUSPENSO, 29,5 X 39CM OU EQUIVALENTE, PADRÃO POPULAR, INCLUSO SIFÃO FLEXÍVEL EM PVC, VÁLVULA E ENGATE FLEXÍVEL 30CM EM PLÁSTICO E TORNEIRA CROMADA DE MESA, PADRÃO POPULAR - FORNECIMENTO E INSTALAÇÃO. AF_01/2020","SINAPI","UN",{"v":1,"d":"1.00"},{"v":283,"d":"283.00"},{"v":283,"d":"283.00"}]
["14.3","95472","VASO SANITARIO SIFONADO CONVENCIONAL PARA PCD SEM FURO FRONTAL COM LOUÇA BRANCA SEM ASSENTO, INCLUSO CONJUNTO DE LIGAÇÃO PARA BACIA SANITÁRIA AJUSTÁVEL - FORNECIMENTO E INSTALAÇÃO. AF_01/2020","SINAPI","UN",{"v":1,"d":"1.00"},886.33,886.33]
["14.4","91794","(COMPOSIÇÃO REPRESENTATIVA) DO SERVIÇO DE INST. TUBO PVC, SÉRIE N, ESGOTO PREDIAL, DN 75 MM, (INST. EM RAMAL DE DESCARGA, RAMAL DE ESG. SANITÁRIO, PRUMADA DE ESG. SANITÁRIO OU VENTILAÇÃO), INCL. CONEXÕES, CORTES E FIXAÇÕES, P/ PRÉDIOS. AF_10/2015","SINAPI","M",{"v":10,"d":"10.00"},51.85,{"v":518.5,"d":"518.50"}]
["14.5","89714","TUBO PVC, SERIE NORMAL, ESGOTO PREDIAL, DN 100 MM, FORNECIDO E INSTALADO EM RAMAL DE DESCARGA OU RAMAL DE ESGOTO SANITÁRIO. AF_08/2022","SINAPI","M",{"v":12,"d":"12.00"},41.38,496.56]
["14.6","100866","BARRA DE APOIO RETA, EM ACO INOX POLIDO, COMPRIMENTO 60CM, FIXADA NA PAREDE - FORNECIMENTO E INSTALAÇÃO. AF_01/2020","SINAPI","UN",{"v":1,"d":"1.00"},370.78,370.78]
["14.7","100869","BARRA DE APOIO RETA, EM ACO INOX POLIDO, COMPRIMENTO 90 CM, FIXADA NA PAREDE - FORNECIMENTO E INSTALAÇÃO. AF_01/2020","SINAPI","UN",{"v":3,"d":"3.00"},420.53,{"v":1261.59,"d":"1,261.59"}]
["14.8","100874","PUXADOR PARA PCD, FIXADO NA PORTA - FORNECIMENTO E INSTALAÇÃO. AF_01/2020","SINAPI","UN",{"v":2,"d":"2.00"},370.78,741.56]
["15","INSTALAÇÕES ELÉTRICAS",{"$nulls":5},461.84]
["15.1","104474","COMPOSIÇÃO PARAMÉTRICA DE PONTO ELÉTRICO DE ILUMINAÇÃO, COM INTERRUPTOR PARALELO, EM EDIFÍCIO RESIDENCIAL COM ELETRODUTO EMBUTIDO EM RASGOS NAS PAREDES, INCLUSO CAIXA ELÉTRICA, MÓDULO DE TOMADA, ELETRODUTO, CABO, RASGO, QUEBRA E CHUMBAMENTO (SEM LUMINÁRIA E LÂMPADA). AF_11/2022","SINAPI","UN",{"v":1,"d":"1.00"},349.94,349.94]
["15.2","97583","LUMINÁRIA TIPO CALHA, DE SOBREPOR, COM 1 LÂMPADA TUBULAR FLUORESCENTE DE 18 W, COM REATOR DE PARTIDA RÁPIDA - FORNECIMENTO E INSTALAÇÃO. AF_02/2020","SINAPI","UN",{"v":1,"d":"1.00"},{"v":111.9,"d":"111.90"},{"v":111.9,"d":"111.90"}]
[{"$nulls":5},"VALOR BDI TOTAL:",null,{"v":17443.69,"d":"17,443.69"}]
[{"$nulls":5},"VALOR ORÇAMENTO:",null,{"v":82081.38,"d":"82,081.38"}]
[{"$nulls":5},"VALOR TOTAL:",null,{"v":99525.07,"d":"99,525.07"}]

{"sheet":"CRONOGRAMA","index":1,"n_rows":40,"n_cols":7,"rows_kept":40,"merged":[[0,0,0,7],[2,0,3,0],[2,1,3,1],[2,2,3,2],[4,0,5,0],[4,1,5,1],[4,2,5,2],[6,0,7,0],[6,1,7,1],[6,2,7,2],[8,0,9,0],[8,1,9,1],[8,2,9,2],[10,0,11,0],[10,1,11,1],[10,2,11,2],[12,0,13,0],[12,1,13,1],[12,2,13,2],[14,0,15,0],[14,1,15,1],[14,2,15,2],[16,0,17,0],[16,1,17,1],[16,2,17,2],[18,0,19,0],[18,1,19,1],[18,2,19,2],[20,0,21,0],[20,1,21,1],[20,2,21,2],[22,0,23,0],[22,1,23,1],[22,2,23,2],[24,0,25,0],[24,1,25,1],[24,2,25,2],[26,0,27,0],[26,1,27,1],[26,2,27,2],[28,0,29,0],[28,1,29,1],[28,2,29,2],[30,0,31,0],[30,1,31,1],[30,2,31,2],[32,0,33,0],[32,1,33,1],[32,2,33,2],[34,0,35,0],[34,1,35,1],[34,2,35,2],[36,0,37,0],[36,1,37,1],[36,2,37,2],[38,2,39,2],[38,6,39,6]]}
[]
["ITEM","DESCRIÇÃO","VALOR (R$)","MÊS 1","MÊS 2","MÊS 3","Total parcela"]
["1","INTERVANÇÕES DO ESTACIONAMENTO",{"v":0,"d":"0.00"},{"$nulls":3},{"v":0,"d":"0.00' %'"}]
[{"$nulls":6},{"v":0,"d":"0.00"}]
["1","SERVIÇOS PRELIMINARES",{"v":28076.68,"d":"28,076.68"},{"v":0.5,"d":"50.00%"},{"v":0.5,"d":"50.00%"},null,{"v":1,"d":"100.00' %'"}]
[{"$nulls":3},{"v":14038.34,"d":"14,038.34"},{"v":14038.34,"d":"14,038.34"},null,{"v":28076.68,"d":"28,076.68"}]
["2","RECUPERAÇÃO DA COBERTA DO ESTACIONAMENTO",{"v":3725.47,"d":"3,725.47"},null,{"v":1,"d":"100.00%"},null,{"v":1,"d":"100.00' %'"}]
[{"$nulls":4},{"v":3725.47,"d":"3,725.47"},null,{"v":3725.47,"d":"3,725.47"}]
["3","SOMBREADORES METÁLICOS",{"v":34544.49,"d":"34,544.49"},null,{"v":1,"d":"100.00%"},null,{"v":1,"d":"100.00' %'"}]
[{"$nulls":4},{"v":34544.49,"d":"34,544.49"},null,{"v":34544.49,"d":"34,544.49"}]
["4","SERVIÇOS COMPLEMENTARES",{"v":8260.8,"d":"8,260.80"},null,{"v":1,"d":"100.00%"},null,{"v":1,"d":"100.00' %'"}]
[{"$nulls":4},{"v":8260.8,"d":"8,260.80"},null,{"v":8260.8,"d":"8,260.80"}]
["6","INTERVENÇÕES NO PLENARIO",{"v":0,"d":"0.00"},{"v":1,"d":"100.00%"},null,null,{"v":1,"d":"100.00' %'"}]
[{"$nulls":6},{"v":0,"d":"0.00"}]
["5","SERVIÇOS PRELIMINARES",261.78,{"v":1,"d":"100.00%"},null,null,{"v":1,"d":"100.00' %'"}]
[{"$nulls":3},261.78,null,null,261.78]
["6","ALVENARIA",543.47,{"v":1,"d":"100.00%"},null,null,{"v":1,"d":"100.00' %'"}]
[{"$nulls":3},543.47,null,null,543.47]
["7","REVESTIMENTO",589.77,{"v":1,"d":"100.00%"},null,null,{"v":1,"d":"100.00' %'"}]
[{"$nulls":3},589.77,null,null,589.77]
["8","PISO",{"v":1199.84,"d":"1,199.84"},{"v":1,"d":"100.00%"},null,null,{"v":1,"d":"100.00' %'"}]
[{"$nulls":3},{"v":1199.84,"d":"1,199.84"},null,null,{"v":1199.84,"d":"1,199.84"}]
["9","SEGURANÇA E ACESSIBILIDADE",{"v":4855.62,"d":"4,855.62"},{"v":1,"d":"100.00%"},null,null,{"v":1,"d":"100.00' %'"}]
[{"$nulls":3},{"v":4855.62,"d":"4,855.62"},null,null,{"v":4855.62,"d":"4,855.62"}]
["12","BANHEIRO PNE",{"v":0,"d":"0.00"},{"v":1,"d":"100.00%"},null,null,{"v":1,"d":"100.00' %'"}]
[{"$nulls":6},{"v":0,"d":"0.00"}]
["10","RETIRADA E DEMOLIÇÕES",579.53,{"v":1,"d":"100.00%"},null,null,{"v":1,"d":"100.00' %'"}]
[{"$nulls":3},579.53,null,null,579.53]
["11","ALVENARIA",579.52,{"v":1,"d":"100.00%"},null,null,{"v":1,"d":"100.00' %'"}]
[{"$nulls":3},579.52,null,null,579.52]
["12","REVESTIMENTO",{"v":6647.89,"d":"6,647.89"},{"v":1,"d":"100.00%"},null,null,{"v":1,"d":"100.00' %'"}]
[{"$nulls":3},{"v":6647.89,"d":"6,647.89"},null,null,{"v":6647.89,"d":"6,647.89"}]
["13","ESQUADRIAS",{"v":4346.79,"d":"4,346.79"},{"v":1,"d":"100.00%"},null,null,{"v":1,"d":"100.00' %'"}]
[{"$nulls":3},{"v":4346.79,"d":"4,346.79"},null,null,{"v":4346.79,"d":"4,346.79"}]
["14","INSTALAÇÕES HIDROSSANITÁRIAS",{"v":4851.58,"d":"4,851.58"},{"v":1,"d":"100.00%"},null,null,{"v":1,"d":"100.00' %'"}]
[{"$nulls":3},{"v":4851.58,"d":"4,851.58"},null,null,{"v":4851.58,"d":"4,851.58"}]
["15","INSTALAÇÕES ELÉTRICAS",461.84,{"v":1,"d":"100.00%"},null,null,{"v":1,"d":"100.00' %'"}]
[{"$nulls":3},461.84,null,null,461.84]
[null,null,{"v":99525.07,"d":"99,525.07"},{"v":38955.97,"d":"38,955.97"},{"v":60569.1,"d":"60,569.10"},{"v":0,"d":"0.00"},{"v":99525.07,"d":"99,525.07"}]
[{"$nulls":3},{"v":38955.97,"d":"38,955.97"},{"v":99525.07,"d":"99,525.07"},{"v":99525.07,"d":"99,525.07"}]

{"sheet":"ENCARGOS SOCIAIS","index":2,"n_rows":130,"n_cols":4,"rows_kept":130,"merged":[[0,0,0,4],[1,1,1,3],[3,1,3,2],[15,1,15,2],[28,1,28,2],[36,1,36,2],[41,1,41,2],[42,1,42,3],[43,1,43,4],[44,1,44,3],[46,1,46,2],[58,1,58,2],[71,1,71,2],[79,1,79,2],[84,1,84,2],[85,1,85,3],[86,1,86,4],[87,1,87,3],[89,1,89,2],[101,1,101,2],[114,1,114,2],[122,1,122,2],[127,1,127,2],[128,1,128,3],[129,1,129,4]]}
[]
[null,"\n"]
["COD","DESCRIÇÃO","HORA %","MES %"]
[null,"\n"]
["A","ENCARGOS INSTITUCIONAIS"]
["A1","PREVIDÊNCIA SOCIAL",{"v":20,"d":"20.00"},{"v":20,"d":"20.00"}]
["A3","SESI",{"v":1.5,"d":"1.50"},{"v":1.5,"d":"1.50"}]
["A4","SENAI",{"v":1,"d":"1.00"},{"v":1,"d":"1.00"}]
["A5","INCRA",{"v":0.2,"d":"0.20"},{"v":0.2,"d":"0.20"}]
["A7","SEBRAE",{"v":0.6,"d":"0.60"},{"v":0.6,"d":"0.60"}]
["A6","SALÁRIO EDUCAÇÃO",{"v":2.5,"d":"2.50"},{"v":2.5,"d":"2.50"}]
["A8","SEGURO CONTRA ACIDENTES DE TRABALHO",{"v":3,"d":"3.00"},{"v":3,"d":"3.00"}]
["A2","FGTS",{"v":8,"d":"8.00"},{"v":8,"d":"8.00"}]
["A9","SECONCI-SE",{"v":0,"d":"0.00"},{"v":0,"d":"0.00"}]
[null,"TOTAL",{"v":36.8,"d":"36.80"},{"v":36.8,"d":"36.80"}]
[null,"\n"]
["B","ENCARGOS TRABALHISTAS"]
["B1","REPOUSO SEMANAL REMUNERADO",17.86,{"v":0,"d":"0.00"}]
["B2","FERIADOS",3.93,{"v":0,"d":"0.00"}]
["B3","AUXÍLIO ENFERMIDADE",0.85,0.66]
["B4","DÉCIMO-TERCEIRO SALÁRIO",10.81,8.33]
["B5","LICENÇA PATERNIDADE",0.06,0.05]
["B6","FALTAS JUSTIFICADAS",0.72,0.56]
["B7","DIAS DE CHUVAS - FONTE SINAPI",1.44,{"v":0,"d":"0.00"}]
["B8","AUXÍLIO ACIDENTE DE TRABALHO",{"v":0.1,"d":"0.10"},0.08]
["B9","FÉRIAS GOZADAS",8.84,6.82]
["B10","SALÁRIO MATERNIDADE",0.04,0.03]
[null,"TOTAL",44.65,16.53]
[null,"\n"]
["C","Encargos Indenizatórios"]
["C1","Aviso Prévio Indenizado",4.76,3.67]
["C2","Aviso Prévio Trabalahdo",0.11,0.09]
["C3","Férias Indenizadas",4.88,3.76]
["C4","Depósito Rescisão sem Justa Causa",3.39,2.61]
["C5","Indernização Adicional",{"v":0.4,"d":"0.40"},0.31]
[null,"TOTAL",{"v":13.540000000000001,"d":"13.54"},10.44]
[null,"\n"]
["D","Incidências ou Efeitos"]
["D1","Reincidência de Grupo A sobre Grupo B",16.43,6.08]
["D2","Reincidência de Grupo A sobre Aviso Prévio Trabalhado e Reinciodência do FG TS sobre Aviso Prèvio Indenizado",0.42,0.33]
[null,"TOTAL",16.85,6.41]
[null,"\n"]
[null,"Horista = 111,84%\nMensalista = 70,18%"]
[]
[null,"\n"]
["COD","DESCRIÇÃO","HORA %","MES %"]
[null,"\n"]
["A","GRUPO A"]
["A1","INSS ",{"v":20,"d":"20.00"},{"v":20,"d":"20.00"}]
["A2","SESI ",{"v":1.5,"d":"1.50"},{"v":1.5,"d":"1.50"}]
["A3","SENAI ",{"v":1,"d":"1.00"},{"v":1,"d":"1.00"}]
["A4","INCRA ",{"v":0.2,"d":"0.20"},{"v":0.2,"d":"0.20"}]
["A5","SEBRAE ",{"v":0.6,"d":"0.60"},{"v":0.6,"d":"0.60"}]
["A6","Salário Educação ",{"v":2.5,"d":"2.50"},{"v":2.5,"d":"2.50"}]
["A7","Seguro Contra Acidentes de Trabalho ",{"v":3,"d":"3.00"},{"v":3,"d":"3.00"}]
["A8","FGTS ",{"v":8,"d":"8.00"},{"v":8,"d":"8.00"}]
["A9","SECONCI ",{"v":0,"d":"0.00"},{"v":0,"d":"0.00"}]
[null,"TOTAL",{"v":36.8,"d":"36.80"},{"v":36.8,"d":"36.80"}]
[null,"\n"]
["B","GRUPO B"]
["B1","Repouso Semanal Remunerado ",18.02,{"v":0,"d":"0.00"}]
["B2","Feriados ",4.31,{"v":0,"d":"0.00"}]
["B3","Auxíl io - Enfermidade ",0.87,0.66]
["B4","13º Salário ",10.96,8.33]
["B5","Licença Paternidade ",0.07,0.05]
["B6","Faltas Justificadas ",0.73,0.56]
["B7","Dias de Chuvas ",2.02,{"v":0,"d":"0.00"}]
["B8","Auxíl io Acidente de Trabalho ",{"v":0.1,"d":"0.10"},0.08]
["B9","Férias Gozadas ",9.64,7.33]
["B10","Salário Maternidade ",0.04,0.03]
[null,"TOTAL",46.76,{"v":17.040000000000003,"d":"17.04"}]
[null,"\n"]
["C","GRUPO C"]
["C1","Aviso Prévio Indenizado ",4.53,3.45]
["C2","Aviso Prévio Trabalhado ",0.11,0.08]
["C3","Férias Indenizadas ",4.24,3.23]
["C4","Depósito Rescisão Sem Justa Causa ",2.99,2.28]
["C5","Indenização Adicional ",0.38,0.29]
[null,"TOTAL",{"v":12.250000000000002,"d":"12.25"},{"v":9.329999999999998,"d":"9.33"}]
[null,"\n"]
["D","GRUPO D"]
["D1","Reincidência de Grupo A sobre Grupo B ",17.21,6.27]
["D2","Reincidência de Grupo A sobre Aviso Prévio Trabalhado e Reincidência do FGTS sobre Aviso Prévio Indenizado ",{"v":0.4,"d":"0.40"},0.31]
[null,"TOTAL",17.61,{"v":6.579999999999999,"d":"6.58"}]
[null,"\n"]
[null,"Horista = 113,42%\nMensalista = 69,75%"]
[null,"A + B + C + D"]
[null,"\n"]
["COD","DESCRIÇÃO","HORA %","MES %"]
[null,"\n"]
["A","GRUPO A"]
["A1","INSS ",{"v":20,"d":"20.00"},{"v":20,"d":"20.00"}]
["A2","SESI ",{"v":1.5,"d":"1.50"},{"v":1.5,"d":"1.50"}]
["A3","SENAI ",{"v":1,"d":"1.00"},{"v":1,"d":"1.00"}]
["A4","INCRA ",{"v":0.2,"d":"0.20"},{"v":0.2,"d":"0.20"}]
["A5","SEBRAE ",{"v":0.6,"d":"0.60"},{"v":0.6,"d":"0.60"}]
["A6","Salário Educação ",{"v":2.5,"d":"2.50"},{"v":2.5,"d":"2.50"}]
["A7","Seguro Contra Acidentes de Trabalho ",{"v":3,"d":"3.00"},{"v":3,"d":"3.00"}]
["A8","FGTS ",{"v":8,"d":"8.00"},{"v":8,"d":"8.00"}]
["A9","SECONCI ",{"v":0,"d":"0.00"},{"v":0,"d":"0.00"}]
[null,"TOTAL",{"v":36.8,"d":"36.80"},{"v":36.8,"d":"36.80"}]
[null,"\n"]
["B","GRUPO B"]
["B1","Repouso Semanal Remunerado ",18.02,{"v":0,"d":"0.00"}]
["B2","Feriados ",{"v":4.3,"d":"4.30"},{"v":0,"d":"0.00"}]
["B3","Auxílio - Enfermidade ",0.86,0.66]
["B4","13º Salário ",10.91,8.33]
["B5","Licença Paternidade ",0.07,0.05]
["B6","Faltas Justificadas ",0.73,0.56]
["B7","Dias de Chuvas ",{"v":2,"d":"2.00"},{"v":0,"d":"0.00"}]
["B8","Auxílio Acidente de Trabalho ",{"v":0.1,"d":"0.10"},0.08]
["B9","Férias Gozadas ",8.89,6.79]
["B10","Salário Maternidade ",0.04,0.03]
[null,"TOTAL",45.92,{"v":16.500000000000004,"d":"16.50"}]
[null,"\n"]
["C","GRUPO C"]
["C1","Aviso Prévio Indenizado ",4.51,3.45]
["C2","Aviso Prévio Trabalhado ",0.11,0.08]
["C3","Férias Indenizadas ",5.21,3.98]
["C4","Depósito Rescisão Sem Justa Causa ",3.22,2.46]
["C5","Indenização Adicional ",0.38,0.29]
[null,"TOTAL",{"v":13.430000000000001,"d":"13.43"},{"v":10.259999999999998,"d":"10.26"}]
[null,"\n"]
["D","GRUPO D"]
["D1","Reincidência de Grupo A sobre Grupo B ",{"v":16.9,"d":"16.90"},6.07]
["D2","Reincidência de Grupo A sobre Aviso Prévio Trabalhado e Reincidência do FGTS sobre Aviso Prévio Indenizado ",{"v":0.4,"d":"0.40"},0.31]
[null,"TOTAL",{"v":17.299999999999997,"d":"17.30"},6.38]
[null,"\n"]
[null,"Horista = 113,45%\nMensalista = 69,94%"]
[null,"A + B + C + D"]

{"sheet":"BDI","index":3,"n_rows":28,"n_cols":20,"rows_kept":28,"merged":[[0,0,0,19],[1,0,1,1],[1,2,1,4],[1,5,1,7],[1,8,1,10],[1,11,1,13],[1,14,1,16],[1,17,1,19],[8,2,8,19],[10,0,10,3],[10,5,10,13],[11,0,11,3],[11,5,11,10],[12,0,12,3],[12,5,12,10],[13,0,13,3],[13,5,13,10],[14,5,14,10],[15,0,15,3],[15,5,15,10],[16,5,16,10],[17,5,17,10]]}
[]
["CÁLCULO DE BDI",null,"Construção e Reforma de quaisquer Edificações inclusive Unidades Habitacionais, Escolas, Hospitais, de uso Agropecuário, Estações p/Trens/Metrôs, Estádios e Quadras Esportivas Instalações p/Embarque/Desembarque de passageiros em Aeroportos, Rodoviárias, Portos, etc., Pórticos, Mirantes e outros Edifícios de finalidade turística",null,null,"Construção de Rodovias, Ferrovias, Pistas de Aeroportos, Pontes, Viadutos, Metrôs, Túneis, Barreiras Acústicas, Praças de Pedágio, Sinalização de Rodovias e Aeroportos, Placas de Sinalização de Tráfego e Semelhantes, Infra Viária Urbana, Estacionamento de Veículos, Praças, Calçadas p/Pedestres, Elevados, Passarelas, Ciclovias e VLT ",null,null,"Abastecimento de Água, Coleta de Esgoto",null,null,"Fornecimento de materiais e equipamentos",null,null,"Construção e Manutenção de Estações e Redes de Distribuição de Energia Elétrica",null,null,"Portuárias, Marítimas e Fluviais"]
["Item componente do BDI","% Informado","1ºQ","Médio","3º Q","1ºQ","Médio","3º Q","1ºQ","Médio","3º Q","1ºQ","Médio","3º Q","1ºQ","Médio","3º Q","1ºQ","Médio","3º Q"]
["Administração Central ( AC )",4.01,{"v":3,"d":"3.00"},{"v":4,"d":"4.00"},{"v":5.5,"d":"5.50"},{"v":3.8,"d":"3.80"},4.01,4.67,3.43,4.93,6.71,{"v":1.5,"d":"1.50"},3.45,4.49,5.29,5.92,7.93,{"v":4,"d":"4.00"},5.52,"7.85"]
["Seguro (S) e Garantia (G)",{"v":0.4,"d":"0.40"},{"v":0.8,"d":"0.80"},{"v":0.8,"d":"0.80"},{"v":1,"d":"1.00"},0.32,{"v":0.4,"d":"0.40"},0.74,0.28,0.49,0.75,{"v":0.3,"d":"0.30"},0.48,0.82,0.25,0.51,0.56,0.81,1.22,1.99]
["Risco (R)",0.56,0.97,1.27,1.27,{"v":0.5,"d":"0.50"},0.56,0.97,{"v":1,"d":"1.00"},1.39,1.74,0.56,0.85,0.89,{"v":1,"d":"1.00"},1.48,1.97,1.46,2.32,3.16]
["Despesas Financeiras (DF)",1.11,0.59,1.23,1.39,1.02,1.11,1.21,0.94,0.99,1.17,0.85,0.85,1.11,1.01,1.07,1.11,0.94,1.02,1.33]
["Lucro (L)",6.64,6.16,{"v":7.4,"d":"7.40"},8.96,6.64,{"v":7.3,"d":"7.30"},8.69,6.74,8.04,{"v":9.4,"d":"9.40"},{"v":3.5,"d":"3.50"},5.11,6.22,{"v":8,"d":"8.00"},8.31,9.51,7.14,{"v":8.4,"d":"8.40"},10.43]
["Impostos (I) - PIS, COFINS, ISSQN",6.65,"Conforme Legislação Específica"]
[]
["Observações",{"$nulls":4},"VALORES DE BDI POR TIPO DE OBRA"]
["1) Preencher apenas a coluna % Informado (Coluna B)",{"$nulls":4},"Tipo de Obra",{"$nulls":5},"1ºQ","Médio","3º Q"]
["2) Os Tributos normalmente aplicáveis são: PIS (O,65%), COFINS (3,00%) e ISS (variável até 5,00% conforme o município).",{"$nulls":4},"Construção de Edifícios",{"$nulls":5},20.34,22.12,{"v":25,"d":"25.00"}]
["3) O cálculo do BDI se baseia na fórmula abaixo utilizada pelo Acórdão 2622/13 do TCU, conforme CE GEPAD 354/2013 de 17/10/2013.",{"$nulls":4},"Construção de Rodovias e Ferrovias",{"$nulls":5},{"v":19.6,"d":"19.60"},20.97,24.23]
["B.D.I  =",{"$f":"((1+(B4+B5+B6)/100)*((1+B7/100)*(1+B8/100))/(1-B9/100))-1","v":{"v":0.2124535842399573,"d":"21.25%"}},{"$nulls":3},"Rede de Abastecimento de Água, Coleta de Esgotos",{"$nulls":5},20.76,24.18,26.44]
["Fórmula Utilizada:",{"$nulls":4},"Estações e Redes de Distribuição de Energia Elétrica",{"$nulls":5},{"v":24,"d":"24.00"},25.84,27.86]
[{"$nulls":5},"Obras Portuárias, Marítimas e Fluviais",{"$nulls":5},{"v":22.8,"d":"22.80"},27.48,30.95]
[{"$nulls":5},"Fornecimento de Materiais e Equipamentos",{"$nulls":5},{"v":11.1,"d":"11.10"},14.02,{"v":16.8,"d":"16.80"}]
[]
[]
["Observações sobre os % informados no cálculo do BDI, neste caso:"]
["OBRAS DE REDES DE ÁGUA E ESGOTO"]
["OS VALORES % INFORMADO ENQUADRAM-SE NOS LIMITES DO ACÓRDÃO 2622/2013-TCU-PLENÁRIO"]
["OS VALORES % INFORMADO DE AC,DF E L ESTÃO NOS VALORES MÁXIMOS DOS LIMITES DO ACÓRDÃO 2622/2013-TCU-PLENÁRIO"]
["OS VALORES % INFORMADO DE S+G E R FORAM CONSIDERADOS ZERADOS OU SEJA, ABAIXO DO MÍNIMO DOS LIMITES DO ACÓRDÃO 2622/2013-TCU-PLENÁRIO"]
[]
[]
["BDI ={{[(1+AC+G+R) x (1+DF) x (1+L)} / (1-I)} - 1 } x 100"]